[Event "Niedersachsen-ch U18"]
[Site "Hambuehren"]
[Date "2002.??.??"]
[Round "1"]
[White "Haerig, Wilfried"]
[Black "Petzold, Lutz Lukas"]
[Result "0-1"]
[WhiteElo "1606"]
[BlackElo "1934"]
[PlyCount "80"]
[EventDate "2002.03.??"]
[EventType "swiss"]
[EventRounds "7"]
[EventCountry "GER"]
[SourceTitle "EXT 2003"]
[Source "ChessBase"]
[SourceDate "2002.11.25"]
[SourceVersion "1"]
[SourceVersionDate "2002.11.25"]
[SourceQuality "1"]

1. e4 c5 2. Nf3 d6 3. d4 cxd4 4. Nxd4 Nf6 5. Nc3 a6 6. Bg5 e6 7. f4 Be7 8. Qf3 Qc7 9. 0-0-0 Nbd7 10. g4 b5 11. Bxf6 gxf6 12. h4 b4 13. Na4 Bb7 14. Bg2 Qa5 15. Qb3 e5 16. Nf5 Bc6 17. Nxe7 Kxe7 18. Qd3 Bxa4 19. Qxd6+ Ke8 20. Rd5 Qb6 21. fxe5 Qxd6 22. exd6 Bc6 23. Rd4 a5 24. Rf1 Kf8 25. Rh1 Kg7 26. Rg1 Rhf8 27. Rf1 Kg8 28. Rf5 Rfe8 29. Rc4 Ra6 30. g5 Re5 31. Bf1 Rb6 32. Bd3 Rxf5 33. exf5 Kg7 34. Kd2 a4 35. b3 axb3 36. axb3 Ne5 37. Rc5 Bd7 38. Rd5 Nf3+ 39. Ke3 Nxh4 40. Kf2 fxg5 0-1

[Event "Niedersachsen-ch U18"]
[Site "Frenswegen"]
[Date "2001.04.??"]
[Round "1"]
[White "Ly, Kim Long"]
[Black "Petzold, Lutz Lukas"]
[Result "0-1"]
[WhiteElo "1553"]
[BlackElo "1822"]
[PlyCount "100"]
[EventDate "2001.04.??"]
[EventType "swiss"]
[EventRounds "7"]
[EventCountry "GER"]
[SourceTitle "EXT 2003"]
[Source "ChessBase"]
[SourceDate "2002.11.25"]
[SourceVersion "1"]
[SourceVersionDate "2002.11.25"]
[SourceQuality "1"]

1. e4 c5 2. Nf3 e6 3. d4 cxd4 4. Nxd4 a6 5. Nc3 Qc7 6. Bd3 Nf6 7. 0-0 Be7 8. Kh1 d6 9. f4 e5 10. fxe5 dxe5 11. Nf5 Bxf5 12. Rxf5 Nbd7 13. Qe2 g6 14. Rf1 0-0 15. Bg5 b5 16. a3 Qc6 17. Qe1 Qe6 18. Qh4 Bd8 19. Rf3 Qg4 20. Qh6 Qh5 21. Raf1 Qxh6 22. Bxh6 Re8 23. h3 Ra7 24. g4 Rb7 25. Kg2 Re6 26. Ne2 Nb6 27. b3 Ne8 28. Be3 Kg7 29. a4 bxa4 30. bxa4 f6 31. Bxa6 Rc7 32. a5 Nc4 33. Bxc4 Rxc4 34. Ra1 Ra6 35. Bd2 Rxc2 36. Rd3 Nd6 37. Kf3 Nf7 38. Rd7 Rc8 39. h4 Rc7 40. Rd5 Rb7 41. Ra2 Rb3+ 42. Kg2 Nd6 43. Ng3 Be7 44. Rc2 Kf7 45. h5 Ke6 46. hxg6 hxg6 47. Rdc5 Rxg3+ 48. Kxg3 Nxe4+ 49. Kg2 Nxc5 50. Bb4 Nb3 0-1